Sick/ Not sick: (Record no. 619584)

MARC details
000 -LEADER
fixed length control field 00506nam a2200181 a 4500
008 - FIXED-LENGTH DATA ELEMENTS--GENERAL INFORMATION
fixed length control field 260416s2026##################000#0#eng##
020 ## - INTERNATIONAL STANDARD BOOK NUMBER
ISBN 9780763758769
082 04 - DEWEY DECIMAL CLASSIFICATION NUMBER
Classification number 362.18 HEL
100 ## - MAIN ENTRY--AUTHOR NAME
Personal name Helbock, Mike.
245 10 - TITLE STATEMENT
Title Sick/ Not sick:
Sub Title A guide to Rapid patient Assessment.
250 ## - EDITION STATEMENT
Edition statement 2nd Ed.
260 ## - PUBLICATION, DISTRIBUTION, ETC. (IMPRINT)
Place of publication UK:
Name of publisher World Headquarters,
Year of publication 2011.
300 ## - PHYSICAL DESCRIPTION
Number of Pages xiii;178 p.
Dimensions 27 cm
650 ## - SUBJECT ADDED ENTRY--TOPICAL TERM
Topical Term Social problems, Social science
700 ## - ADDED ENTRY--PERSONAL NAME
Personal name John M. Jerin
942 ## - ADDED ENTRY ELEMENTS (KOHA)
Koha item type English Books
Holdings
Withdrawn status Lost status Damaged status Not for loan Home library Current library Shelving location Date acquired Full call number Accession Number Price effective from Koha item type
        Anna Centenary Library Anna Centenary Library 4TH FLOOR, A WING 16.04.2026 362.18 HEL 398227 16.04.2026 English Books

Find us on the map